Los nuevos horizontes del derecho y del precedimiento penal / (Record no. 54090)

MARC details
000 -LEADER
campo de control de longitud fija 00858nam a22002175i 4500
001 - NÚMERO DE CONTROL
campo de control 54090
003 - IDENTIFICADOR DE NÚMERO DE CONTROL
campo de control ES-MaACL
005 - FECHA Y HORA DE LA ÚLTIMA TRANSACCIÓN
campo de control 20250912063039.0
007 - CAMPO FIJO DE DESCRIPCIÓN FÍSICA--INFORMACIÓN GENERAL
campo de control de longitud fija t|
008 - DATOS DE LONGITUD FIJA--INFORMACIÓN GENERAL
campo de control de longitud fija 960710s1887 sp ||||1| spa d
040 ## - FUENTE DE CATALOGACIÓN
Centro catalogador/agencia de origen CAM
Lengua de catalogación spa
Centro/agencia transcriptor CAM
100 1# - ENTRADA PRINCIPAL--NOMBRE DE PERSONA
Nombre de persona Ferri, Enrico,
Fechas asociadas al nombre 1856-1929
9 (RLIN) 50564
245 14 - MENCIÓN DEL TÍTULO
Título Los nuevos horizontes del derecho y del precedimiento penal /
Mención de responsabilidad, etc. por Enrico Ferri ...; versión castellana de Isidro Perez Oliva.
250 ## - MENCION DE EDICION
Mención de edición 2ª ed. corr. y aum. con una tabla de la criminalidad en Italia y un prólogo del autor ...
260 ## - PUBLICACIÓN, DISTRIBUCIÓN, ETC.
Lugar de publicación, distribución, etc. Madrid :
Nombre del editor, distribuidor, etc. Centro editorial de Góngora,
Fecha de publicación, distribución, etc. 1887 (
Fabricante Establecimiento tipográfico de José Góngora)
300 ## - DESCRIPCIÓN FÍSICA
Extensión XX, 413 p., [2] h. pleg. ;
Dimensiones 22 cm.
700 1# - ENTRADA AGREGADA--NOMBRE PERSONAL
Nombre de persona Pérez y Oliva, Isidro,
Fechas asociadas al nombre 1864-1929
9 (RLIN) 131496
852 ## - LOCALIZACIÓN
Ubicación ES-MaACL
Número de control de estantería D-4590
852 ## - LOCALIZACIÓN
Ubicación ES-MaACL
Número de control de estantería F-10433
Holdings
Estatus retirado Estado de pérdida Estado de daño No para préstamo Colección Biblioteca de origen Biblioteca actual Ubicación en estantería Fecha de adquisición Fuente de adquisición Total de préstamos Signatura topográfica completa Código de barras Visto por última vez Precio de reemplazo Tipo de ítem Koha
        Libros del s. XIX Biblioteca del Ateneo de Madrid Biblioteca del Ateneo de Madrid Sala Pecera Planta 2 17/01/2008     F-10433 1056847 23/02/2023 23/02/2023 Libro impreso antiguo
        Libros del s. XIX Biblioteca del Ateneo de Madrid Biblioteca del Ateneo de Madrid Sala Valle Inclán 17/01/2008     D-4590 901056846 23/02/2023 23/02/2023 Libro impreso antiguo